Detalles MARC
| 000 -CABECERA |
| campo de control de longitud fija |
01475nam a2200289 i 4500 |
| 003 - IDENTIFICADOR DEL NÚMERO DE CONTROL |
| campo de control |
DO-SdBNP |
| 005 - FECHA Y HORA DE LA ÚLTIMA TRANSACCIÓN |
| campo de control |
20240321112818.0 |
| 007 - CAMPO FIJO DE DESCRIPCIÓN FÍSICA--INFORMACIÓN GENERAL |
| campo de control de longitud fija |
ta |
| 008 - DATOS DE LONGITUD FIJA--INFORMACIÓN GENERAL |
| campo de control de longitud fija |
091117s1989 dr ad b 000 0 spa d |
| 040 ## - FUENTE DE LA CATALOGACIÓN |
| Centro catalogador/agencia de origen |
DO-SdBNP |
| Lengua de catalogación |
spa |
| Centro/agencia transcriptor |
BNPHU |
| Normas de descripción |
rda |
| 082 #4 - NÚMERO DE LA CLASIFICACIÓN DECIMAL DEWEY |
| Número de documento/Ítem |
L937m |
| Número de edición |
22 |
| 100 1# - ENTRADA PRINCIPAL--NOMBRE DE PERSONA |
| Nombre de persona |
Luciano López, Margarita, |
| Fechas asociadas al nombre |
1950- |
| Término indicativo de función/relación |
autor |
| 9 (RLIN) |
84993 |
| 245 10 - MENCIÓN DE TÍTULO |
| Título |
Matemática para la vida : |
| Resto del título |
cuarto grado nivel primario / |
| Mención de responsabilidad, etc. |
Margarita Luciano de Sang, Milagros Peña de Pérez |
| 246 1# - FORMA VARIANTE DE TÍTULO |
| Título propio/Titulo breve |
Matemática para la vida : |
| Resto del título |
4to grado, libro de texto / |
| 264 #1 - PRODUCCIÓN, PUBLICACIÓN, DISTRIBUCIÓN, FABRICACIÓN Y COPYRIGHT |
| Producción, publicación, distribución, fabricación y copyright |
Santo Domingo : |
| Nombre del de productor, editor, distribuidor, fabricante |
Secretaría de Estado de Educación, Bellas Artes y Cultos. |
| Fecha de producción, publicación, distribución, fabricación o copyright |
1989. |
| 300 ## - DESCRIPCIÓN FÍSICA |
| Extensión |
158 páginas |
| Otras características físicas |
ilustraciones, grafícas |
| Dimensiones |
27 cm. |
| 336 ## - TIPO DE CONTENIDO |
| Fuente |
rdacontent |
| Término de tipo de contenido |
texto |
| Código de tipo de contenido |
txt |
| 337 ## - TIPO DE MEDIO |
| Fuente |
rdamedia |
| Nombre/término del tipo de medio |
sin mediación |
| Código del tipo de medio |
n |
| 338 ## - TIPO DE SOPORTE |
| Fuente |
rdacarrier |
| Nombre/término del tipo de soporte |
volumen |
| Código del tipo de soporte |
nc |
| 500 ## - NOTA GENERAL |
| Nota general |
Revisado y aprobado por la Dirección General de Currículum y Evaluación Educativa, como texto básico de matemática para el tercer grado del nivel primario |
| 500 ## - NOTA GENERAL |
| Nota general |
Libro de texto, nivel primario |
| 505 0# - NOTA DE CONTENIDO CON FORMATO |
| Información miscelánea |
Unidad 1 -- |
| Título |
Relaciones entre conjuntos -- |
| Información miscelánea |
Unidad 2 -- |
| Título |
Conjuntos de los números naturales y romanos -- |
| Información miscelánea |
Unidad 3 -- |
| Título |
Operaciones en el conjunto de los números naturales -- |
| Información miscelánea |
Unidad 4 -- |
| Título |
Relaciones entre fracciones comunes y fracciones decimales -- |
| Información miscelánea |
Unidad 5 -- |
| Título |
Geometría y mediciones -- |
| 590 ## - NOTA LOCAL (RLIN) |
| Nota local |
Inventariado, 2023/ YL |
| 700 1# - PUNTO DE ACCESO ADICIONAL--NOMBRE DE PERSONA |
| Nombre de persona |
Peña de Pérez, Milagros, |
| 9 (RLIN) |
29589 |
| Término indicativo de función/relación |
autora. |
| 910 ## - DATOS DE OPCIÓN DEL USUARIO (OCLC) |
| Datos de opción del usuario |
YLockward |
| 942 ## - ELEMENTOS DE PUNTO DE ACCESO ADICIONAL (KOHA) |
| Fuente del sistema de clasificación o colocación |
Dewey Decimal Classification |
| Tipo de ítem Koha |
Libro |